[Event "Doeberl Cup Major 48th"]
[Site "Canberra"]
[Date "2010.04.05"]
[Round "7"]
[White "Grcic, Milan"]
[Black "Tenorio, Leonardo"]
[Result "1-0"]
[WhiteElo "1707"]
[BlackElo "1644"]
[PlyCount "97"]
[EventDate "2010.04.02"]
[EventType "swiss"]
[EventRounds "7"]
[EventCountry "AUS"]
[SourceTitle "EXT 2012"]
[Source "ChessBase"]
[SourceDate "2011.11.24"]
[SourceVersion "1"]
[SourceVersionDate "2011.11.24"]
[SourceQuality "1"]

1. d4 Nf6 2. Nf3 d5 3. Bf4 e6 4. e3 c5 5. c3 c4 6. b3 b5 7. a4 Qa5 8. b4 Qb6 9. axb5 Ne4 10. Qc2 Bd7 11. Bxc4 Bxb5 12. Bxb5+ Qxb5 13. Ra5 Qd7 14. Bxb8 Rxb8 15. Ne5 Qc7 16. Qa4+ Ke7 17. Nc6+ Kf6 18. Rxa7 Rb7 19. Rxb7 Qxb7 20. f3 Nd6 21. 0-0 Nc4 22. e4 Kg6 23. exd5 exd5 24. Ne5+ Nxe5 25. dxe5 Be7 26. f4 f5 27. Nd2 Rc8 28. Nb1 h5 29. Kh1 h4 30. h3 Kf7 31. Rd1 Rc4 32. Rf1 Kf8 33. Qd1 g6 34. Qd3 Qc6 35. Qf3 Kg7 36. Rd1 Kf7 37. Kh2 Ke6 38. Qe3 Re4 39. Qf3 Rc4 40. Rd3 Re4 41. Qf2 g5 42. fxg5 Bxg5 43. Rf3 Rxe5 44. Nd2 Qd6 45. Kh1 Qa6 46. Nb3 Kf6 47. Na5 Qb5 48. Qd4 Qe2 49. Nc6 1-0

[Event "Doeberl Cup Major 48th"]
[Site "Canberra"]
[Date "2010.04.03"]
[Round "4"]
[White "Grcic, Milan"]
[Black "Yu, Derek"]
[Result "1/2-1/2"]
[WhiteElo "1707"]
[BlackElo "1908"]
[PlyCount "145"]
[EventDate "2010.04.02"]
[EventType "swiss"]
[EventRounds "7"]
[EventCountry "AUS"]
[SourceTitle "EXT 2012"]
[Source "ChessBase"]
[SourceDate "2011.11.24"]
[SourceVersion "1"]
[SourceVersionDate "2011.11.24"]
[SourceQuality "1"]

1. Nf3 d5 2. d4 Nf6 3. Bf4 c5 4. c3 Nc6 5. e3 e6 6. Nbd2 Be7 7. Ne5 0-0 8. Nxc6 bxc6 9. Nf3 Qb6 10. Qb3 Qxb3 11. axb3 cxd4 12. exd4 c5 13. Ba6 Ne4 14. 0-0 cxd4 15. Nxd4 Bd6 16. Bxd6 Nxd6 17. Nc6 Bd7 18. Ne5 Rfd8 19. Rfd1 Be8 20. Nd3 Rab8 21. Nc5 Bb5 22. Bxb5 Rxb5 23. b4 Nb7 24. Nb3 Ra8 25. Ra6 Nd8 26. Nc5 Rb6 27. Rda1 Rxa6 28. Rxa6 Kf8 29. b5 Rc8 30. Nd7+ Ke7 31. Rxa7 Kd6 32. Nb6 Rb8 33. Ra6 Kc7 34. Na4 Rxb5 35. b4 Nc6 36. Nc5 d4 37. Ra3 dxc3 38. Rxc3 Kd6 39. Ne4+ Kd5 40. f3 Nxb4 41. Rc7 Rb8 42. Rxf7 Nd3 43. Rd7+ Kc4 44. Rc7+ Kd4 45. h4 Rg8 46. Ng5 Ke5 47. Nxh7 Nf4 48. Ng5 Kf6 49. g3 Nd5 50. Rf7+ Ke5 51. f4+ Kd6 52. Ne4+ Kc6 53. Ng5 Kd6 54. Ra7 Nc7 55. Nf7+ Kc6 56. Ra1 Nd5 57. Ne5+ Kc5 58. Ra5+ Kd4 59. Ra4+ Ke3 60. Kg2 Nf6 61. Kh3 Nd5 62. Kg4 Nf6+ 63. Kg5 Ne4+ 64. Kg6 Nxg3 65. Kf7 Rh8 66. Ng6 Rh6 67. Ra3+ Kf2 68. Kxg7 Nf5+ 69. Kf7 Nxh4 70. Ne5 Kg2 71. Ra2+ Kg3 72. Ra4 Nf5 73. Ng6 1/2-1/2

[Event "Canberra ANU op"]
[Site "Canberra"]
[Date "2009.07.25"]
[Round "3"]
[White "Grcic, Milan"]
[Black "Holmes, Adam"]
[Result "1/2-1/2"]
[WhiteElo "1743"]
[BlackElo "2070"]
[PlyCount "53"]
[EventDate "2009.07.25"]
[EventType "swiss"]
[EventRounds "7"]
[EventCountry "AUS"]
[SourceTitle "EXT 2011"]
[Source "ChessBase"]
[SourceDate "2010.11.26"]
[SourceVersion "1"]
[SourceVersionDate "2010.11.26"]
[SourceQuality "1"]

1. e4 c5 2. Nc3 e6 3. f4 d5 4. Nf3 Nc6 5. g3 Nf6 6. d3 Be7 7. Bg2 0-0 8. 0-0 b6 9. e5 Nd7 10. a3 f6 11. exf6 Nxf6 12. Qe1 Bd6 13. Bd2 a6 14. Ne5 Qc7 15. Nxc6 Qxc6 16. Ne2 Bb7 17. Kh1 Rae8 18. Qf2 e5 19. c4 Qc7 20. Qg1 e4 21. cxd5 Bxd5 22. Nc3 Bc6 23. dxe4 Nxe4 24. Nxe4 Rxe4 25. Rfe1 Rfe8 26. Rxe4 Rxe4 27. Re1 1/2-1/2

[Event "Doeberl Cup Major 47th"]
[Site "Canberra"]
[Date "2009.04.10"]
[Round "2"]
[White "Oliver, Tamzin Louise"]
[Black "Grcic, Milan"]
[Result "1-0"]
[WhiteElo "1473"]
[BlackElo "1769"]
[PlyCount "151"]
[EventDate "2009.04.10"]
[EventType "swiss"]
[EventRounds "6"]
[EventCountry "AUS"]
[SourceTitle "CBM 129 Extra"]
[Source "ChessBase"]
[SourceDate "2009.05.05"]
[SourceVersion "2"]
[SourceVersionDate "2009.05.20"]
[SourceQuality "1"]

1. e4 c6 2. Nc3 d5 3. Qf3 dxe4 4. Nxe4 Nd7 5. Bc4 Ne5 6. Qc3 Nxc4 7. Qxc4 Qd5 8. Qxd5 cxd5 9. Nc3 e6 10. Nf3 a6 11. 0-0 Bd6 12. Re1 Nf6 13. d3 0-0 14. Be3 Bd7 15. Bd4 Rfc8 16. a3 Be8 17. Be3 Bc5 18. Bd4 Bd6 19. Be5 Bf8 20. Rac1 Nd7 21. Bg3 Nf6 22. h3 b5 23. Ne2 Nd7 24. Ned4 Nb6 25. Rb1 Na4 26. Bf4 Nc5 27. Bg3 Nb7 28. Bh2 Bd6 29. Rbc1 a5 30. Ra1 h6 31. Rec1 Kf8 32. Re1 Rc7 33. Bxd6+ Nxd6 34. Rxe6 Rd8 35. Ree1 Nb7 36. Nh4 Bd7 37. Nhf3 Nc5 38. Rab1 Na4 39. Ne5 Be8 40. Ng6+ Kg8 41. Nf4 Rcc8 42. c3 Rd6 43. Nf5 Rd7 44. Ne7+ Rxe7 45. Rxe7 Kf8 46. Ra7 Nc5 47. d4 Nb3 48. Nxd5 a4 49. Re1 Bc6 50. Rc7 Rxc7 51. Nxc7 Nd2 52. d5 Bd7 53. Na6 Nc4 54. Re2 Nb6 55. Nc5 Bc8 56. d6 Bf5 57. g4 Bc8 58. Rd2 Ke8 59. Rd1 h5 60. f3 hxg4 61. hxg4 f5 62. gxf5 Bxf5 63. Re1+ Kd8 64. Ne6+ Kd7 65. Nxg7 Bg6 66. Re5 Bd3 67. Nf5 Nc4 68. Rxb5 Kc6 69. d7 Kc7 70. Rd5 Kd8 71. Rxd3 Nxb2 72. Rd4 Nc4 73. Rxc4 Kxd7 74. Rxa4 Kc6 75. Rb4 Kc5 76. a4 1-0

[Event "Canberra ANU op"]
[Site "Canberra"]
[Date "2007.07.29"]
[Round "5"]
[White "Guo Yuthok, Sherab"]
[Black "Grcic, Milan"]
[Result "0-1"]
[WhiteElo "1857"]
[BlackElo "1789"]
[PlyCount "77"]
[EventDate "2007.07.28"]
[EventType "swiss"]
[EventRounds "7"]
[EventCountry "AUS"]
[SourceTitle "EXT 2010"]
[Source "ChessBase"]
[SourceDate "2010.11.25"]
[SourceVersion "1"]
[SourceVersionDate "2010.11.25"]
[SourceQuality "1"]

1. e4 c6 2. d4 d5 3. exd5 cxd5 4. Bd3 Nc6 5. c3 Nf6 6. Bf4 e6 7. Nf3 Nh5 8. Be3 Bd6 9. Ne5 Nf6 10. f4 Qb6 11. Qc2 Bxe5 12. fxe5 Nxe5 13. Bb5+ Bd7 14. Bxd7+ Nexd7 15. Nd2 Qa6 16. Nf3 Ne4 17. Rf1 h6 18. Bf4 Rc8 19. g4 Qc4 20. Be5 f6 21. Nd2 Qc6 22. Bg3 0-0 23. Nxe4 dxe4 24. h4 Qd5 25. Bf4 b5 26. b3 e5 27. dxe5 Nxe5 28. Bxe5 Qxe5 29. Rc1 Qg3+ 30. Qf2 Qxg4 31. Rg1 Qh5 32. Qf4 Rc5 33. Rc2 Rd8 34. Rd2 Rxd2 35. Qxd2 Rd5 36. Qe3 Rd1+ 37. Kf2 Qf5+ 38. Ke2 Rd3 39. Qg3 0-1

[Event "Australian op"]
[Site "Tuggeranong"]
[Date "2007.01.05"]
[Round "8"]
[White "Grcic, Milan"]
[Black "Rujevic, Mirko"]
[Result "1/2-1/2"]
[WhiteElo "2014"]
[BlackElo "2278"]
[PlyCount "67"]
[EventDate "2006.12.28"]
[EventType "swiss"]
[EventRounds "11"]
[EventCountry "AUS"]
[SourceTitle "CBM 116 Extra"]
[Source "ChessBase"]
[SourceDate "2007.03.07"]
[SourceVersion "1"]
[SourceVersionDate "2007.03.07"]
[SourceQuality "1"]

1. Nf3 Nf6 2. d4 c5 3. c3 e6 4. Bg5 d5 5. e3 Nc6 6. Nbd2 h6 7. Bh4 Be7 8. dxc5 Bxc5 9. b4 Be7 10. b5 Na5 11. Bd3 0-0 12. 0-0 Nd7 13. Bxe7 Qxe7 14. Qa4 Nc5 15. Qb4 Qc7 16. Be2 b6 17. Qd4 Bb7 18. Ne5 Rad8 19. f4 Ne4 20. Rac1 Rfe8 21. Bh5 Nd6 22. Qd3 Re7 23. Qe2 Qc5 24. a4 Rc7 25. Nd3 Qa3 26. Ra1 Qxc3 27. Rac1 d4 28. Rxc3 dxc3 29. Nf3 g6 30. Bg4 Nb3 31. Nd4 Nxd4 32. exd4 Nf5 33. Bxf5 exf5 34. Qe5 1/2-1/2

[Event "Belconnen op"]
[Site "Belconnen"]
[Date "2005.07.29"]
[Round "4"]
[White "Oliver, Shannon"]
[Black "Grcic, Milan"]
[Result "1/2-1/2"]
[WhiteElo "1660"]
[BlackElo "1840"]
[PlyCount "160"]
[EventDate "2005.07.08"]
[EventType "swiss"]
[EventRounds "11"]
[EventCountry "AUS"]
[SourceTitle "EXT 2007"]
[Source "ChessBase"]
[SourceDate "2006.11.23"]
[SourceVersion "1"]
[SourceVersionDate "2006.11.23"]
[SourceQuality "1"]

1. e4 Nf6 2. e5 Nd5 3. d4 d6 4. Nf3 dxe5 5. dxe5 Bf5 6. a3 e6 7. Bd3 Bg4 8. 0-0 Nd7 9. c4 N5b6 10. Bf4 Nc5 11. Be2 Qxd1 12. Rxd1 Nb3 13. Ra2 Be7 14. Nbd2 Nxd2 15. Rxd2 0-0 16. b4 a5 17. b5 Rad8 18. h3 Bh5 19. a4 Bb4 20. Rxd8 Rxd8 21. Kf1 Kf8 22. g4 Bg6 23. Be3 Bd3 24. c5 Bxe2+ 25. Kxe2 Nd5 26. Bd2 Bxd2 27. Rxd2 Nc3+ 28. Ke3 Rxd2 29. Nxd2 Nxa4 30. Nc4 b6 31. cxb6 cxb6 32. Kd2 Ke7 33. Kc2 Kd7 34. f4 f6 35. exf6 gxf6 36. h4 Kc7 37. h5 Nc5 38. g5 fxg5 39. fxg5 Ne4 40. g6 hxg6 41. hxg6 Nf6 42. Kb3 Nh5 43. Ka4 Ng7 44. Kb3 e5 45. Nxe5 Kd6 46. Nf7+ Kc5 47. Ka4 Ne6 48. Ne5 Kd6 49. Nc4+ Kc5 50. Nxa5 Kd5 51. Nb7 Kc4 52. Nd6+ Kd5 53. Ne8 Nc5+ 54. Kb4 Ke6 55. Nc7+ Kf6 56. Nd5+ Kxg6 57. Nxb6 Nb7 58. Nc4 Kf6 59. b6 Ke6 60. Kb5 Kd7 61. Ka6 Kc8 62. Ka7 Nc5 63. Nd6+ Kd7 64. Ne4 Ne6 65. Nf6+ Ke7 66. Ka8 Nd8 67. Nd5+ Kd7 68. Nc3 Kc6 69. Na4 Kb5 70. Kb8 Nc6+ 71. Kc7 Na5 72. Nc3+ Ka6 73. Na2 Kb5 74. Nc1 Kc4 75. Ne2 Kc5 76. Nf4 Kb5 77. Ne6 Kc4 78. Nd8 Kb5 79. Nb7 Nc4 80. Nc5 Nxb6 1/2-1/2

[Event "Belconnen op"]
[Site "Belconnen"]
[Date "2005.07.22"]
[Round "3"]
[White "Grcic, Milan"]
[Black "Hoole, Jeyaranyan"]
[Result "1-0"]
[WhiteElo "1840"]
[BlackElo "1496"]
[PlyCount "39"]
[EventDate "2005.07.08"]
[EventType "swiss"]
[EventRounds "11"]
[EventCountry "AUS"]
[SourceTitle "EXT 2007"]
[Source "ChessBase"]
[SourceDate "2006.11.23"]
[SourceVersion "1"]
[SourceVersionDate "2006.11.23"]
[SourceQuality "1"]

1. d4 f5 2. Nf3 e6 3. d5 Be7 4. g3 Nf6 5. c4 d6 6. dxe6 Bxe6 7. Nd4 Bd7 8. Bg2 Nc6 9. Nc3 Nxd4 10. Qxd4 Bc6 11. Nd5 0-0 12. 0-0 Nxd5 13. cxd5 Bb5 14. Re1 c5 15. dxc6 Bxc6 16. Bxc6 bxc6 17. Qc4+ Kh8 18. Qxc6 Bf6 19. Rd1 Be7 20. Bf4 1-0

[Event "Doeberl Cup Major 43rd"]
[Site "Canberra"]
[Date "2005.03.27"]
[Round "6"]
[White "Mendes da Costa, Alex"]
[Black "Grcic, Milan"]
[Result "0-1"]
[WhiteElo "1897"]
[BlackElo "1849"]
[PlyCount "126"]
[EventDate "2005.03.25"]
[EventType "swiss"]
[EventRounds "7"]
[EventCountry "AUS"]
[SourceTitle "EXT 2009"]
[Source "ChessBase"]
[SourceDate "2008.11.26"]
[SourceVersion "1"]
[SourceVersionDate "2008.11.26"]
[SourceQuality "1"]

1. e4 e6 2. d4 d5 3. Nd2 dxe4 4. Nxe4 Nd7 5. Nf3 Ngf6 6. Bd3 Nxe4 7. Bxe4 Nf6 8. Bd3 Be7 9. 0-0 0-0 10. Ne5 c5 11. dxc5 Bxc5 12. Bg5 Be7 13. Re1 h6 14. Bh4 Nd5 15. Bxe7 Qxe7 16. Qf3 Qf6 17. Qe4 Qf5 18. Qxf5 exf5 19. Nxf7 Kxf7 20. Bc4 Be6 21. Rxe6 Kxe6 22. Re1+ Kd6 23. Rd1 Kc5 24. Bxd5 Rad8 25. c4 b5 26. b3 bxc4 27. bxc4 Rfe8 28. Kf1 f4 29. g3 fxg3 30. hxg3 a5 31. Rd3 a4 32. Rf3 Re7 33. Ra3 Kb4 34. Rf3 Rd6 35. Rd3 Kc5 36. Rc3 Rb6 37. Rc2 Rb4 38. Rd2 Rd7 39. Re2 Rb1+ 40. Kg2 Kb4 41. Bg8 Rbd1 42. Re5 Rb7 43. c5 Rc7 44. Re4+ Ka5 45. Rxa4+ Kxa4 46. Bb3+ Ka3 47. Bxd1 Kxa2 48. g4 Rxc5 49. Bf3 Kb3 50. Be4 Kc3 51. f3 Kd4 52. Ba8 Ra5 53. Be4 Ke5 54. Kg3 g5 55. Bb7 Ra1 56. Bc6 Ra3 57. Bb7 Kd4 58. Bc6 Ke3 59. Bd5 Ra1 60. Kg2 Kf4 61. Kh3 Rd1 62. Bc6 Rd2 63. Be4 Rf2 0-1

[Event "Doeberl Cup Major 43rd"]
[Site "Canberra"]
[Date "2005.03.25"]
[Round "1"]
[White "Stojkovski, Vlade"]
[Black "Grcic, Milan"]
[Result "0-1"]
[WhiteElo "1642"]
[BlackElo "1849"]
[PlyCount "62"]
[EventDate "2005.03.25"]
[EventType "swiss"]
[EventRounds "7"]
[EventCountry "AUS"]
[SourceTitle "EXT 2009"]
[Source "ChessBase"]
[SourceDate "2008.11.26"]
[SourceVersion "1"]
[SourceVersionDate "2008.11.26"]
[SourceQuality "1"]

1. e4 d5 2. exd5 Qxd5 3. Nf3 Nf6 4. Nc3 Qa5 5. d4 Bg4 6. h3 Bh5 7. g4 Bg6 8. Bg2 e6 9. a3 c6 10. b4 Bxb4 11. axb4 Qxa1 12. Ne2 Qa4 13. c3 Qxd1+ 14. Kxd1 Nbd7 15. Bf4 a5 16. b5 0-0 17. bxc6 bxc6 18. Nd2 Nd5 19. Bd6 Rfc8 20. Kc1 Bd3 21. Nf4 Nxf4 22. Bxf4 a4 23. Kb2 Nb6 24. Rc1 Nc4+ 25. Nxc4 Bxc4 26. Bd6 a3+ 27. Bxa3 Rcb8+ 28. Bb4 Ra2+ 29. Kb1 Rba8 30. Be4 Ra1+ 31. Kc2 R8a2+ 0-1

[Event "ACT-ch"]
[Site "Canberra"]
[Date "2004.09.22"]
[Round "10"]
[White "Oliver, Shannon"]
[Black "Grcic, Milan"]
[Result "0-1"]
[WhiteElo "1657"]
[BlackElo "1798"]
[PlyCount "76"]
[EventDate "2004.07.??"]
[EventType "swiss"]
[EventRounds "11"]
[EventCountry "AUS"]
[SourceTitle "EXT 2006"]
[Source "ChessBase"]
[SourceDate "2005.11.24"]
[SourceVersion "1"]
[SourceVersionDate "2005.11.24"]
[SourceQuality "1"]

1. e4 e6 2. d4 d5 3. Nc3 dxe4 4. Nxe4 Nd7 5. Nf3 Ngf6 6. Nxf6+ Nxf6 7. c3 c5 8. Bd3 Be7 9. 0-0 0-0 10. Bg5 a6 11. Bc2 b5 12. Ne5 Bb7 13. Qd3 Be4 14. Qe2 Bxc2 15. Qxc2 Qc7 16. Nf3 cxd4 17. Nxd4 Ng4 18. Nf3 Nxh2 19. Nxh2 Bxg5 20. Nf3 Bf6 21. g3 Rfd8 22. Kg2 Qc6 23. Rh1 h6 24. Rh3 Rd5 25. g4 Rd4 26. Rg3 Rad8 27. Kh3 Rd3 28. Qe2 Qd5 29. Kh2 Be7 30. Kg1 Bd6 31. Rh3 Bf4 32. a3 Qc4 33. Qc2 Qd5 34. Qe2 e5 35. Kg2 e4 36. Nd4 Rd2 37. Qe1 e3+ 38. Kf1 Rxf2+ 0-1

[Event "ACT-ch"]
[Site "Canberra"]
[Date "2004.08.11"]
[Round "4"]
[White "Grcic, Milan"]
[Black "Butler, Brian J"]
[Result "1/2-1/2"]
[WhiteElo "1798"]
[BlackElo "1713"]
[PlyCount "25"]
[EventDate "2004.07.??"]
[EventType "swiss"]
[EventRounds "11"]
[EventCountry "AUS"]
[SourceTitle "EXT 2006"]
[Source "ChessBase"]
[SourceDate "2005.11.24"]
[SourceVersion "1"]
[SourceVersionDate "2005.11.24"]
[SourceQuality "1"]

1. d4 d5 2. c4 e6 3. Nf3 Nf6 4. Bg5 Be7 5. Nc3 Nbd7 6. e3 0-0 7. Bd3 a6 8. 0-0 dxc4 9. Bxc4 b5 10. Bd3 Bb7 11. Rc1 Rc8 12. Qe2 c5 13. Rfd1 1/2-1/2

[Event "ACT-ch"]
[Site "Canberra"]
[Date "2004.07.28"]
[Round "2"]
[White "Grcic, Milan"]
[Black "Beltrami, Matthew"]
[Result "1-0"]
[WhiteElo "1798"]
[BlackElo "1300"]
[PlyCount "129"]
[EventDate "2004.07.??"]
[EventType "swiss"]
[EventRounds "11"]
[EventCountry "AUS"]
[SourceTitle "EXT 2006"]
[Source "ChessBase"]
[SourceDate "2005.11.24"]
[SourceVersion "1"]
[SourceVersionDate "2005.11.24"]
[SourceQuality "1"]

1. e4 c6 2. d4 d5 3. f3 dxe4 4. fxe4 e5 5. Nf3 Be6 6. Be3 Nd7 7. dxe5 Nh6 8. h3 Be7 9. g3 Qc7 10. Bg2 0-0-0 11. Qe2 Nxe5 12. Nbd2 Nxf3+ 13. Qxf3 Bd6 14. Bf2 Be5 15. 0-0-0 Qa5 16. Qa3 Qxa3 17. bxa3 Bxa2 18. Bxa7 Bxg3 19. Be3 Bd6 20. Kb2 Be6 21. Nf3 f5 22. Nd4 Be5 23. c3 Bxd4 24. Bxd4 Rhg8 25. Rde1 c5 26. Be3 g5 27. Rd1 f4 28. Bxc5 Rxd1 29. Rxd1 Rd8 30. Bd4 Nf7 31. Kc1 h5 32. a4 g4 33. hxg4 hxg4 34. Rg1 Nd6 35. Bb6 Re8 36. e5 Nf7 37. Bd4 Nh6 38. Be4 Nf5 39. Bb6 Ng3 40. Bd3 Bb3 41. Kb2 Bxa4 42. Ra1 Bc6 43. Re1 Bd5 44. Bb5 Bc6 45. Bd3 Kd7 46. Bg6 Rh8 47. e6+ Ke7 48. Bc5+ Kd8 49. e7+ Kc7 50. e8Q Rh2+ 51. Ka3 Bxe8 52. Rxe8 Re2 53. Rf8 Ne4 54. Bd4 f3 55. Bf5 g3 56. Bxe4 Rxe4 57. Rxf3 g2 58. Rg3 Re2 59. Rg6 Kd7 60. Kb4 Rb2+ 61. Kc5 Ra2 62. Rg7+ Kc8 63. Kd5 Re2 64. Kd6 b5 65. Bb6 1-0

[Event "Doeberl Cup Major 41st"]
[Site "Canberra"]
[Date "2003.04.20"]
[Round "6.4"]
[White "Van Riel, Bas"]
[Black "Grcic, Milan"]
[Result "1-0"]
[WhiteElo "1805"]
[BlackElo "1791"]
[PlyCount "81"]
[EventDate "2003.04.18"]
[EventType "swiss"]
[EventRounds "7"]
[EventCountry "AUS"]
[SourceTitle "EXT 2006"]
[Source "ChessBase"]
[SourceDate "2005.11.24"]
[SourceVersion "1"]
[SourceVersionDate "2005.11.24"]
[SourceQuality "1"]

1. d4 e6 2. e4 d5 3. Nc3 Nf6 4. e5 Nfd7 5. Nce2 c5 6. c3 Nc6 7. f4 Qb6 8. Nf3 cxd4 9. cxd4 Bb4+ 10. Nc3 0-0 11. Be3 f6 12. exf6 Nxf6 13. a3 Bd6 14. Nb5 Bb8 15. g3 a6 16. Nc3 Ng4 17. Bg1 Bd7 18. Na4 Qa5+ 19. b4 Qd8 20. Nc5 Bc8 21. Qc2 Qf6 22. Bd3 e5 23. Bxh7+ Kh8 24. h3 Nh6 25. dxe5 Nxe5 26. Nxe5 Bxe5 27. 0-0-0 Bxf4+ 28. gxf4 Qxf4+ 29. Kb2 b6 30. Bd4 bxc5 31. Rhf1 Qd6 32. Bxc5 Qe5+ 33. Bd4 Qd6 34. Qg2 Bg4 35. hxg4 Kxh7 36. Rh1 Kg8 37. Qh3 Qf4 38. g5 Qxg5 39. Rhg1 Qe7 40. Qxh6 Qe2+ 41. Rd2 1-0

[Event "ACT-ch"]
[Site "Canberra"]
[Date "2002.10.16"]
[Round "11"]
[White "Farrell, Roger S"]
[Black "Grcic, Milan"]
[Result "1-0"]
[WhiteElo "2031"]
[BlackElo "1803"]
[PlyCount "105"]
[EventDate "2002.08.07"]
[EventType "swiss"]
[EventRounds "11"]
[EventCountry "AUS"]
[SourceTitle "EXT 2006"]
[Source "ChessBase"]
[SourceDate "2005.11.24"]
[SourceVersion "1"]
[SourceVersionDate "2005.11.24"]
[SourceQuality "1"]

1. Nf3 e6 2. b3 d5 3. Bb2 f6 4. d4 Nh6 5. e3 Bd6 6. Bd3 Nf7 7. c4 c6 8. 0-0 f5 9. Nbd2 Nd7 10. a4 Qe7 11. Rc1 0-0 12. cxd5 cxd5 13. Qe2 g5 14. Ne1 Nf6 15. f3 h5 16. e4 Bf4 17. exf5 Qd6 18. g3 Bxd2 19. Qxd2 exf5 20. Nc2 Re8 21. Ba3 Qb6 22. b4 a6 23. Kh1 Bd7 24. a5 Qd8 25. Ne3 Nd6 26. Nxf5 Nf7 27. Nh6+ Kg7 28. Nxf7 Kxf7 29. Qxg5 Rg8 30. Qf4 Rc8 31. Rxc8 Qxc8 32. Rc1 Qe8 33. Qe5 Qd8 34. Qf4 Qe7 35. Qe5 Qd8 36. Bb2 Re8 37. Qf4 Qe7 38. Bc3 Qe3 39. Bf1 Qf2 40. Qd2 Qxf3+ 41. Bg2 Qe3 42. Rf1 Kg7 43. Qxe3 Rxe3 44. Bd2 Bb5 45. Bxe3 Bxf1 46. Bxf1 Kg6 47. Bf4 Ne4 48. Kg2 Kf5 49. Be2 Kf6 50. Bxh5 Ke6 51. Bf3 Nc3 52. h4 Na2 53. Bd2 1-0

[Event "ACT-ch"]
[Site "Canberra"]
[Date "2002.10.02"]
[Round "9"]
[White "Grcic, Milan"]
[Black "Butler, Brian J"]
[Result "1-0"]
[WhiteElo "1803"]
[BlackElo "1722"]
[PlyCount "69"]
[EventDate "2002.08.07"]
[EventType "swiss"]
[EventRounds "11"]
[EventCountry "AUS"]
[SourceTitle "EXT 2006"]
[Source "ChessBase"]
[SourceDate "2005.11.24"]
[SourceVersion "1"]
[SourceVersionDate "2005.11.24"]
[SourceQuality "1"]

1. d4 d5 2. Nf3 Nf6 3. Bf4 c5 4. e3 Nc6 5. Nc3 a6 6. dxc5 Qa5 7. Nd2 e6 8. Nb3 Qd8 9. Be2 Nd7 10. e4 e5 11. exd5 exf4 12. dxc6 bxc6 13. Ne4 Ne5 14. Nd6+ Bxd6 15. cxd6 Be6 16. Qd4 Qf6 17. 0-0-0 0-0 18. Nc5 Bd5 19. Ne4 Bxe4 20. Qxe4 Rfd8 21. Qd4 Nd7 22. Qxf6 Nxf6 23. Bf3 Rac8 24. Rd4 g5 25. h3 Rd7 26. Rhd1 h5 27. Ra4 Ra7 28. d7 Nxd7 29. Bxh5 Ne5 30. h4 f6 31. Re1 Nf7 32. hxg5 fxg5 33. Ra5 c5 34. Re6 Kg7 35. Raxa6 1-0

[Event "ACT-ch"]
[Site "Canberra"]
[Date "2002.09.04"]
[Round "5"]
[White "Mengelkamp, Brian"]
[Black "Grcic, Milan"]
[Result "0-1"]
[WhiteElo "1213"]
[BlackElo "1803"]
[PlyCount "62"]
[EventDate "2002.08.07"]
[EventType "swiss"]
[EventRounds "11"]
[EventCountry "AUS"]
[SourceTitle "EXT 2006"]
[Source "ChessBase"]
[SourceDate "2005.11.24"]
[SourceVersion "1"]
[SourceVersionDate "2005.11.24"]
[SourceQuality "1"]

1. d4 d5 2. Nf3 e6 3. e3 f5 4. Be2 Nf6 5. Nbd2 Bd6 6. Ne5 0-0 7. f4 Bd7 8. Ndf3 Ne4 9. 0-0 Be8 10. c4 c6 11. Qe1 Bh5 12. c5 Bc7 13. b4 a6 14. Bb2 Qe8 15. Rd1 Nd7 16. Nxd7 Qxd7 17. Ne5 Qe8 18. Bf3 a5 19. a3 Kh8 20. Qe2 Bxf3 21. Rxf3 axb4 22. axb4 Ra2 23. Rd3 Qa8 24. Rh3 Bxe5 25. dxe5 Qa6 26. Qh5 h6 27. Rd1 Rxb2 28. Qg6 Qe2 29. Rxh6+ Kg8 30. Qh7+ Kf7 31. Rf6+ Nxf6 0-1